|
|
|
|
| LEADER |
00000nam0a2200000 4500 |
| 001 |
155797 |
| 005 |
20231101221848.0 |
| 010 |
|
|
|a 9785811408610
|
| 035 |
|
|
|a (RuTPU)RU\TPU\book\168978
|
| 090 |
|
|
|a 155797
|
| 100 |
|
|
|a 20090319d2008 m y0rusy50 ca
|
| 101 |
0 |
|
|a rus
|
| 102 |
|
|
|a RU
|
| 105 |
|
|
|a y j 001zy
|
| 200 |
1 |
|
|a Сборник задач по аналитической геометрии и линейной алгебре
|e учебное пособие
|f Л. А. Беклемишева [и др.]
|g под ред. Д. В. Беклемишева
|
| 205 |
|
|
|a 3-е изд., испр.
|
| 210 |
|
|
|a СПб.
|c Лань
|d 2008
|
| 215 |
|
|
|a 496 с.
|
| 225 |
1 |
|
|a Учебники для вузов. Специальная литература
|
| 320 |
|
|
|a Библиогр.: с. 495.
|
| 330 |
|
|
|a Сборник соответствует объединенному курсу аналитической геометрии и линейной алгебры. Приведено большое количество задач по следующим разделам: системы линейных уравнений, матрицы и определители, кривые и поверхности второго порядка, преобразования плоскости, линейные преобразования линейных, евклидовых и унитарных пространств, функции на линейном пространстве, аффинные и точечные евклидовы пространства, тензоры. Имеются теоретические введения ко всем разделам. Кроме задач, способствующих усвоению основных понятий, приведены серии типовых задач с ответами. Некоторые типовые и более сложные задачи снабжены полными решениями. Все составители задачника имеют опыт преподавания математики в МФТИ, и этот опыт нашел отражение в содержании сборника. Пособие предназначено для студентов физико-математических, инженерно-физических и инженерно-технических специальностей вузов.
|
| 451 |
|
1 |
|0 (RuTPU)RU\TPU\book\138111
|y 5-9221-0010-6
|t Сборник задач по аналитической геометрии и линейной алгебре
|o учебное пособие
|f Л. А. Беклемишева, А. Ю. Петрович, И. А. Чубаров
|g Под ред. Д. В. Беклемишева
|e 2-е изд., перераб.
|c М.
|n Физматлит
|d 2006
|p 496 с.
|a Беклемишева, Людмила Анатольевна
|
| 606 |
1 |
|
|a Аналитическая геометрия
|2 stltpush
|3 (RuTPU)RU\TPU\subj\28991
|9 52410
|
| 606 |
1 |
|
|a Линейная алгебра
|2 stltpush
|3 (RuTPU)RU\TPU\subj\40174
|9 60039
|
| 610 |
1 |
|
|a векторы
|
| 610 |
1 |
|
|a координаты
|
| 610 |
1 |
|
|a прямые
|
| 610 |
1 |
|
|a плоскости
|
| 610 |
1 |
|
|a кривые второго порядка
|
| 610 |
1 |
|
|a поверхности второго порядка
|
| 610 |
1 |
|
|a преобразования
|
| 610 |
1 |
|
|a группы
|
| 610 |
1 |
|
|a матрицы
|
| 610 |
1 |
|
|a системы линейных уравнений
|
| 610 |
1 |
|
|a линейные уравнения
|
| 610 |
1 |
|
|a линейные пространства
|
| 610 |
1 |
|
|a линейные отображения
|
| 610 |
1 |
|
|a евклидовы пространства
|
| 610 |
1 |
|
|a унитарные пространства
|
| 610 |
1 |
|
|a тензоры
|
| 610 |
1 |
|
|a функции
|
| 610 |
1 |
|
|a учебные пособия
|
| 675 |
|
|
|a 514.12(075.8)
|v 3
|
| 675 |
|
|
|a 512.64(075.8)
|v 3
|
| 701 |
|
1 |
|a Беклемишева
|b Л. А.
|g Людмила Анатольевна
|
| 701 |
|
1 |
|a Беклемишев
|b Д. В.
|g Дмитрий Владимирович
|
| 701 |
|
1 |
|a Петрович
|b А. Ю.
|g Александр Юрьевич
|
| 701 |
|
1 |
|a Чубаров
|b И. А.
|g Игорь Андреевич
|
| 702 |
|
1 |
|a Беклемишев
|b Д. В.
|g Дмитрий Владимирович
|4 340
|
| 801 |
|
1 |
|a RU
|b 63413507
|c 20090319
|g PSBO
|
| 801 |
|
2 |
|a RU
|b 63413507
|c 20201201
|g PSBO
|
| 900 |
|
|
|a Аналитическая геометрия и линейная алгебра
|
| 900 |
|
|
|a Линейная алгебра и аналитическая геометрия
|
| 942 |
|
|
|c BK
|
| 959 |
|
|
|a 37/20090319
|d 27
|e 449,90
|f АНЛ:1
|f ЧЗТЛ:1
|f Ф_ТПУ_Новокузнецк:25
|
| 959 |
|
|
|a 95/20090918
|d 20
|e 521,84
|f УФ:20
|